000 00961nam a2200289Ia 4500
003 OSt
005 20220928113713.0
006 a|||||r|||| 00| 0
007 ta
008 220927b |||||||| |||| 00| 0 eng d
020 _cEURO 119.99
024 _a140853
037 _b039, 27/02/2019, Excel Book International
_cTextual
040 _aSDCL
_cSDCL
_beng
041 _2eng
_aeng
082 _aX65:(B), Q8
100 _aBhanumurthy N.R Ed.
_9434564
245 0 _aAdvances in finance and applied economics
260 _aSingapore
_bSpringer
_c2018
300 _avii,316p.
_ccm.
650 _aFinancial Studies
700 _a Hegade Sandeep Ed.
_9434565
700 _a Nerlekar Shriram Ed.
_9434566
700 _a Shanmugan K. Ed.
_9434567
942 _hX65:(B), Q8
_cTEXL
_2CC
999 _c750883
_d750883